[Event "1st FIDE OWCCCC Pools-East 2021"]
[Site "Online"]
[Date "2021.02.20"]
[Round "5.19"]
[White "Song, Yuanchu"]
[Black "Abu Bakr Mohamed, Mahmoud"]
[Result "1-0"]
[WhiteElo "1549"]
[BlackElo "1669"]
[Annotator "NA RC"]
[PlyCount "147"]
[EventDate "2021.02.19"]
[EventType "team-tourn"]
[EventCountry "NET"]
[SourceTitle "playchess.com"]
[Source "ChessBase"]
[SourceQuality "1"]

1. e4 c6 2. d4 d5 3. exd5 cxd5 4. Nf3 Nc6 5. Be3 Bg4 6. Be2 e6 7. Nc3 Nf6 8. h3 Bh5 9. Ne5 Bxe2 10. Qxe2 a6 11. O-O Bb4 12. Nxc6 bxc6 13. Na4 Ne4 14. a3 Bd6 15. b4 O-O 16. Nc5 Bxc5 17. bxc5 Qf6 18. Qd3 Rfb8 19. Rab1 Qd8 20. Bf4 Rxb1 21. Rxb1 Qa5 22. f3 Nf6 23. Bd2 Qc7 24. Rb6 a5 25. a4 Nd7 26. Rb3 e5 27. Bc3 g6 28. Qe2 f6 29. Qd2 Kg7 30. Qe1 Kf7 31. Qb1 Rb8 32. Rxb8 Qxb8 33. Qxb8 Nxb8 34. Bxa5 exd4 35. Bc7 Na6 36. Bd6 Ke6 37. Kf2 Nb4 38. a5 Na6 39. Ke2 f5 40. Kd3 Kd7 41. Kxd4 Ke6 42. c3 Kf6 43. g4 fxg4 44. fxg4 Kg5 45. Ke5 Kh4 46. Kf6 Kxh3 47. g5 Kg4 48. Be7 Kf4 49. Ke6 Kg4 50. Kd6 Kf5 51. Kxc6 Ke4 52. Kb6 Nxc5 53. Bxc5 Kd3 54. Bd4 Ke4 55. a6 Kf5 56. a7 Kxg5 57. a8=Q h5 58. Qxd5+ Kg4 59. Qg2+ Kf5 60. c4 g5 61. c5 g4 62. c6 h4 63. Bf2 h3 64. Qg3 Kg5 65. Be3+ Kf5 66. Qf4+ Ke6 67. Qxg4+ Ke5 68. Qf4+ Ke6 69. c7 Ke7 70. c8=Q h2 71. Qcc7+ Ke6 72. Qc6+ Ke7 73. Qfc7+ Kf8 74. Qa8# 1-0

[Event "1st FIDE OWCCCC Pools-East 2021"]
[Site "Online"]
[Date "2021.02.20"]
[Round "5.20"]
[White "Corke, Anya S"]
[Black "Bannikova, Anastasiya"]
[Result "0-1"]
[WhiteElo "2255"]
[BlackElo "2343"]
[Annotator "NA"]
[PlyCount "62"]
[EventDate "2021.02.19"]
[EventType "team-tourn"]
[EventCountry "NET"]
[SourceTitle "playchess.com"]
[Source "ChessBase"]
[SourceQuality "1"]

1. d4 Nf6 2. c4 g6 3. Nf3 Bg7 4. Ne5 d6 5. Nd3 O-O 6. e3 Nbd7 7. Nf4 e5 8. Nd5 exd4 9. Qxd4 Nxd5 10. Qxd5 Nb6 11. Qe4 Re8 12. Qf3 c6 13. Bd3 Be6 14. b3 Bxa1 15. O-O Bg7 16. e4 d5 17. Nc3 Bxc3 18. Bh6 Bg7 19. Bxg7 Kxg7 20. Re1 Qf6 21. Qxf6+ Kxf6 22. f4 dxc4 23. bxc4 Bxc4 24. Bc2 Rad8 25. e5+ Kg7 26. g4 Rd2 27. f5 Rxc2 28. fxg6 hxg6 29. a3 Rh8 30. e6 Rhxh2 31. e7 Rcg2# 0-1

[Event "1st FIDE OWCCCC Pools-East 2021"]
[Site "Online"]
[Date "2021.02.20"]
[Round "5.20"]
[White "Arun_"]
[Black "Jay_"]
[Result "0-1"]
[WhiteElo "1768"]
[BlackElo "2077"]
[Annotator "NA"]
[PlyCount "116"]
[EventDate "2021.02.19"]
[EventType "team-tourn"]
[EventCountry "NET"]
[SourceTitle "playchess.com"]
[Source "ChessBase"]
[SourceQuality "1"]

1. e4 c5 2. b3 d6 3. Bb2 Nc6 4. Bb5 e6 5. Qe2 Bd7 6. Nf3 Nf6 7. e5 dxe5 8. Nxe5 Nxe5 9. Bxe5 Be7 10. O-O O-O 11. Nc3 a6 12. Bxd7 Qxd7 13. a4 Rfd8 14. Rad1 h6 15. d4 Qc6 16. dxc5 Qxc5 17. Bxf6 Bxf6 18. Ne4 Qf5 19. Nxf6+ Qxf6 20. Rxd8+ Rxd8 21. Rd1 Rc8 22. Qd3 g6 23. Kf1 h5 24. c4 Qe5 25. Qd4 Qxh2 26. Qd7 Qc7 27. Qd4 Qh2 28. Qd7 Rc7 29. Qd8+ Kg7 30. g3 Qh1+ 31. Ke2 Qe4+ 32. Kf1 Qh1+ 33. Ke2 Qc6 34. Qd4+ f6 35. Rd3 b5 36. axb5 axb5 37. cxb5 Qxb5 38. Ke3 Qg5+ 39. Kf3 Qc1 40. b4 Qc6+ 41. Ke3 Qc1+ 42. Kf3 Qc6+ 43. Ke3 g5 44. Qd6 Qc1+ 45. Kf3 Qh1+ 46. Ke3 Qe1+ 47. Kf3 g4+ 48. Kg2 Qe4+ 49. Kh2 Qc6 50. b5 Qxd6 51. Rxd6 Kf7 52. Rd3 Rb7 53. Rb3 Ke7 54. Kg2 Kd6 55. f3 Kc5 56. fxg4 hxg4 57. Re3 e5 58. Rf3 gxf3+ 0-1

[Event "1st FIDE OWCCCC Pools-East 2021"]
[Site "Online"]
[Date "2021.02.20"]
[Round "5.20"]
[White "Palaniappan, Saraswathi"]
[Black "Sofrevska-Andonova, Lidija"]
[Result "1-0"]
[WhiteElo "1647"]
[BlackElo "2115"]
[Annotator "TA"]
[PlyCount "67"]
[EventDate "2021.02.19"]
[EventType "team-tourn"]
[EventCountry "NET"]
[SourceTitle "playchess.com"]
[Source "ChessBase"]
[SourceQuality "1"]

1. d4 Nf6 2. c4 e6 3. Nc3 Bb4 4. Bd2 O-O 5. Nf3 b6 6. a3 Bxc3 7. Bxc3 Bb7 8. e3 d6 9. Bd3 Nbd7 10. O-O Re8 11. Re1 e5 12. dxe5 dxe5 13. e4 c5 14. Qc2 Qc7 15. h3 Nf8 16. b4 Ng6 17. Bd2 Rad8 18. Bg5 Qc6 19. b5 Qe6 20. Bxf6 Qxf6 21. Rad1 Nf4 22. Re3 Bc8 23. Kh2 Qh6 24. Ng1 Rd6 25. Bf1 Red8 26. Rxd6 Rxd6 27. Qc3 Qh5 28. g3 Ne6 29. Be2 Qg5 30. Rd3 Nd4 31. Re3 Rh6 32. Qe1 Qe7 33. Qf1 Qe6 34. Nf3 1-0

[Event "1st FIDE OWCCCC Pools-East 2021"]
[Site "Online"]
[Date "2021.02.20"]
[Round "5.20"]
[White "Kamal Mahmoud, Tarek"]
[Black "Cao, Yingying"]
[Result "1/2-1/2"]
[WhiteElo "1374"]
[BlackElo "1568"]
[Annotator "NA"]
[PlyCount "56"]
[EventDate "2021.02.19"]
[EventType "team-tourn"]
[EventCountry "NET"]
[SourceTitle "playchess.com"]
[Source "ChessBase"]
[SourceQuality "1"]

1. e4 c5 2. Nf3 Nc6 3. d3 g6 4. c3 Nf6 5. Be2 Bg7 6. h3 d6 7. O-O O-O 8. Nh2 a6 9. f4 e6 10. Kh1 b5 11. Be3 Bb7 12. f5 exf5 13. exf5 Re8 14. Bg5 h6 15. Bxf6 Bxf6 16. Ng4 h5 17. fxg6 hxg4 18. gxf7+ Kxf7 19. Bxg4 Ne5 20. Bh5+ Ng6 21. Nd2 Rg8 22. Bf3 Bxf3 23. Qxf3 Rf8 24. Qb7+ Qe7 25. Qd5+ Qe6 26. Qb7+ Qe7 27. Qd5+ Qe6 28. Qb7+ Qe7 1/2-1/2

[Event "1st FIDE OWCCCC Pools-East 2021"]
[Site "Online"]
[Date "2021.02.20"]
[Round "5.20"]
[White "Matyszkowicz, Marcin"]
[Black "BATULKAPADIA"]
[Result "1-0"]
[WhiteElo "1351"]
[BlackElo "1157"]
[Annotator "NA"]
[PlyCount "49"]
[EventDate "2021.02.19"]
[EventType "team-tourn"]
[EventCountry "NET"]
[SourceTitle "playchess.com"]
[Source "ChessBase"]
[SourceQuality "1"]

1. e4 e5 2. Nf3 Nc6 3. d4 Nf6 4. d5 Na5 5. Nxe5 d6 6. Nf3 b6 7. Bd3 Be7 8. O-O O-O 9. Nc3 Re8 10. Ne2 Qd7 11. b4 Nb7 12. a4 c5 13. Bb5 Qd8 14. Bxe8 Qxe8 15. bxc5 bxc5 16. Ng3 Nh5 17. Nxh5 g6 18. Ng3 Bg4 19. h3 Bxf3 20. Qxf3 Nd8 21. Bf4 g5 22. Qg4 Bf6 23. Bxg5 Bxa1 24. Bf6+ Kf8 25. Qg7# 1-0

[Event "1st FIDE OWCCCC Pools-East 2021"]
[Site "Online"]
[Date "2021.02.20"]
[Round "5.20"]
[White "Khanna, Vani"]
[Black "Bouychou, Armand"]
[Result "0-1"]
[WhiteElo "1206"]
[BlackElo "1654"]
[Annotator "NA"]
[PlyCount "102"]
[EventDate "2021.02.19"]
[EventType "team-tourn"]
[EventCountry "NET"]
[SourceTitle "playchess.com"]
[Source "ChessBase"]
[SourceQuality "1"]

1. d4 Nf6 2. Nc3 g6 3. e4 d6 4. Bc4 Bg7 5. h3 O-O 6. Bf4 a6 7. e5 dxe5 8. dxe5 Qxd1+ 9. Nxd1 Ne8 10. Ne3 e6 11. c3 b5 12. Bd3 Bb7 13. f3 c5 14. c4 b4 15. b3 Nc6 16. Ng4 h5 17. Nf6+ Nxf6 18. exf6 Bxf6 19. Rd1 Nd4 20. Rd2 a5 21. Be3 a4 22. Bxd4 Bxd4 23. Ne2 Bg7 24. g4 h4 25. Be4 Bxe4 26. fxe4 axb3 27. axb3 Ra1+ 28. Rd1 Rxd1+ 29. Kxd1 Ra8 30. Kc2 Ra2+ 31. Kd3 Rb2 32. Nc1 Bh6 33. e5 Rd2+ 34. Ke4 Rc2 35. Nd3 Re2+ 36. Kf3 Re3+ 37. Kf2 Rxd3 38. Rg1 Rxh3 39. g5 Bg7 40. Ra1 Bxe5 41. Ra5 Rxb3 42. Rxc5 Bd4+ 43. Ke2 Bxc5 44. Kd2 h3 45. Kc2 Rc3+ 46. Kd2 h2 47. Ke2 Bd4 48. Kd2 h1=Q 49. Ke2 Qh2+ 50. Kd1 Rg3 51. Ke1 Rg1# 0-1

[Event "1st FIDE OWCCCC Pools-East 2021"]
[Site "Online"]
[Date "2021.02.20"]
[Round "5.21"]
[White "Muzychuk, Mariya"]
[Black "Hauck, Michael"]
[Result "1-0"]
[WhiteElo "2544"]
[BlackElo "1723"]
[Annotator "ChessBase"]
[PlyCount "81"]
[EventDate "2021.02.19"]
[EventType "team-tourn"]
[EventCountry "NET"]
[SourceTitle "playchess.com"]
[Source "ChessBase"]
[SourceQuality "1"]

1. e4 c6 2. d4 d5 3. exd5 cxd5 4. Bd3 Nc6 5. c3 Nf6 6. h3 e6 7. Bf4 Bd6 8. Bxd6 Qxd6 9. Nf3 O-O 10. O-O h6 11. Nbd2 Bd7 12. Re1 Rac8 13. Ne5 Ne7 14. Ndf3 Be8 15. a4 a6 16. a5 Nh5 17. Bc2 f6 18. Nd3 Nf4 19. Nxf4 Qxf4 20. Rxe6 Qc7 21. Qd2 Bf7 22. Re3 Rfe8 23. Rae1 Qd6 24. Nh4 Kf8 25. Qd3 Qf4 26. g3 Qg5 27. f4 Qh5 28. Bd1 Bg6 29. Bxh5 Bxd3 30. Bxe8 Be4 31. Bh5 g5 32. fxg5 hxg5 33. Rxe4 dxe4 34. Ng6+ Nxg6 35. Bxg6 Kg7 36. Bf5 Re8 37. Rxe4 Rb8 38. Re7+ Kf8 39. Rc7 b6 40. Rc8+ Rxc8 41. Bxc8 1-0

[Event "1st FIDE OWCCCC Pools-East 2021"]
[Site "Online"]
[Date "2021.02.20"]
[Round "5.21"]
[White "Antonenko, Vladimir"]
[Black "arcelormittal-erico"]
[Result "1-0"]
[WhiteElo "2391"]
[BlackElo "1002"]
[Annotator "NA"]
[PlyCount "73"]
[EventDate "2021.02.19"]
[EventType "team-tourn"]
[EventCountry "NET"]
[SourceTitle "playchess.com"]
[Source "ChessBase"]
[SourceQuality "1"]

1. d4 d5 2. c4 e6 3. Nf3 Nf6 4. g3 c5 5. cxd5 Nxd5 6. Bg2 Nc6 7. O-O Be7 8. dxc5 Bxc5 9. a3 O-O 10. b4 Bb6 11. Bb2 Qe7 12. Nbd2 Rd8 13. Qb3 Bd7 14. Nc4 Bc7 15. Rfd1 Be8 16. Rac1 Rac8 17. h4 Nb6 18. Ne3 Rxd1+ 19. Qxd1 f6 20. Qd3 Rd8 21. Qb3 Bf7 22. Bc3 e5 23. Qc2 Bg6 24. Qb3+ Bf7 25. Qc2 Bg6 26. Nf5 Qd7 27. Bh3 Bb8 28. h5 Bf7 29. Nh6+ gxh6 30. Bxd7 Rxd7 31. Qf5 Rd6 32. Qg4+ Kh8 33. Bd2 Nd4 34. Bxh6 Ne6 35. Qf5 Nd7 36. Rc8+ Bg8 37. Qg4 1-0

[Event "1st FIDE OWCCCC Pools-East 2021"]
[Site "Online"]
[Date "2021.02.20"]
[Round "5.21"]
[White "Matta, Vinay Kumar"]
[Black "Chini, Fabrizio"]
[Result "1-0"]
[WhiteElo "2305"]
[BlackElo "1555"]
[Annotator "TA"]
[PlyCount "77"]
[EventDate "2021.02.19"]
[EventType "team-tourn"]
[EventCountry "NET"]
[SourceTitle "playchess.com"]
[Source "ChessBase"]
[SourceQuality "1"]

1. e4 c5 2. Nf3 Nc6 3. d4 cxd4 4. Nxd4 g6 5. Nc3 Bg7 6. Be3 Nf6 7. Be2 O-O 8. O-O d6 9. Nb3 Be6 10. f4 Rc8 11. f5 Bd7 12. g4 Ne5 13. g5 Ne8 14. fxg6 fxg6 15. Qd5+ e6 16. Qxb7 Rc7 17. Qa6 Qe7 18. Rxf8+ Bxf8 19. Rf1 Bg7 20. Nd4 Bc8 21. Qa4 Nd7 22. Nc6 Rxc6 23. Qxc6 Qd8 24. Ba6 Bxa6 25. Qxa6 Be5 26. Qe2 Ng7 27. Qf2 Qe7 28. h4 Nh5 29. Qf3 a6 30. Nd1 Bg7 31. Nf2 Ne5 32. Qg2 Nc4 33. Bc1 Nxb2 34. e5 Bxe5 35. Ng4 Bd4+ 36. Kh1 Qe8 37. Nh6+ Kh8 38. c3 Be5 39. Nf7+ 1-0

[Event "1st FIDE OWCCCC Pools-East 2021"]
[Site "Online"]
[Date "2021.02.20"]
[Round "5.21"]
[White "Lukyanov, Artem"]
[Black "Niyazgulova, Marina"]
[Result "0-1"]
[WhiteElo "1490"]
[BlackElo "2227"]
[Annotator "TA"]
[PlyCount "72"]
[EventDate "2021.02.19"]
[EventType "team-tourn"]
[EventCountry "NET"]
[SourceTitle "playchess.com"]
[Source "ChessBase"]
[SourceQuality "1"]

1. e4 d5 2. exd5 Qxd5 3. Nf3 Nf6 4. d4 c6 5. Be2 Bf5 6. O-O e6 7. c4 Qa5 8. Nc3 Bd6 9. Bg5 Nbd7 10. Re1 O-O 11. h3 Rfe8 12. Bf1 Qc7 13. Qd2 h6 14. Be3 Rad8 15. Rad1 e5 16. d5 Nc5 17. b4 Nce4 18. Qb2 Nxc3 19. Qxc3 cxd5 20. Bxa7 d4 21. Qb2 Ra8 22. Bc5 Bxc5 23. bxc5 Qxc5 24. Qxb7 Rab8 25. Qa6 Rb2 26. Rd2 Rxd2 27. Nxd2 e4 28. Nb3 Qb4 29. Rd1 d3 30. Qb5 Qxb5 31. cxb5 Be6 32. Nd2 Bxa2 33. Re1 Bd5 34. b6 Rb8 35. Rb1 Nd7 36. f3 e3 0-1

[Event "1st FIDE OWCCCC Pools-East 2021"]
[Site "Online"]
[Date "2021.02.20"]
[Round "5.21"]
[White "Sanchit Gupta"]
[Black "Levitan, Ronit"]
[Result "1/2-1/2"]
[WhiteElo "1469"]
[BlackElo "2048"]
[Annotator "TA"]
[PlyCount "142"]
[EventDate "2021.02.19"]
[EventType "team-tourn"]
[EventCountry "NET"]
[SourceTitle "playchess.com"]
[Source "ChessBase"]
[SourceQuality "1"]

1. e4 e5 2. Nf3 Nc6 3. Bb5 a6 4. Bxc6 dxc6 5. O-O Qd6 6. d4 exd4 7. Qxd4 Qxd4 8. Nxd4 Bd7 9. Nc3 O-O-O 10. Be3 c5 11. Nde2 b6 12. Nd5 Bc6 13. Nec3 h6 14. Rad1 Ne7 15. Nxe7+ Bxe7 16. Rxd8+ Rxd8 17. f3 a5 18. Rd1 Rxd1+ 19. Nxd1 Kd7 20. Kf2 Ke6 21. Nc3 f5 22. exf5+ Kxf5 23. g4+ Ke6 24. Ne4 Ke5 25. Ng3 Bf6 26. Nh5 Bh4+ 27. Ke2 Bb5+ 28. Kd2 Bf6 29. Bf4+ Ke6 30. Nxf6 gxf6 31. Bxc7 Bc6 32. Ke3 b5 33. Bxa5 Bd5 34. a3 Kf7 35. b3 Kg6 36. Kf4 Be6 37. Bb6 c4 38. bxc4 Bxc4 39. Bd4 Ba2 40. c3 Bb1 41. Kg3 f5 42. h4 fxg4 43. fxg4 Bd3 44. Kf4 h5 45. g5 Bc2 46. Ke5 Bd3 47. Kf4 Bc2 48. Bf6 Bd3 49. Ke5 Bc2 50. Kd4 Kf5 51. c4 bxc4 52. Kxc4 Kg4 53. Kb5 Bg6 54. a4 Kxh4 55. a5 Kg4 56. a6 Be4 57. a7 Kf5 58. Bd8 h4 59. g6 Kxg6 60. Bxh4 Kf7 61. Kb6 Ke8 62. Bf2 Kd7 63. Bc5 Kc8 64. Bd6 Bg2 65. Be5 Bf3 66. Bf4 Bg2 67. Be5 Bf3 68. Bd4 Be4 69. Be5 Ba8 70. Bb8 Bg2 71. a8=Q Bxa8 1/2-1/2

[Event "1st FIDE OWCCCC Pools-East 2021"]
[Site "Online"]
[Date "2021.02.20"]
[Round "5.22"]
[White "Kathmale, Sameer"]
[Black "Jonnalagadda, Rama krishna"]
[Result "1/2-1/2"]
[WhiteElo "2330"]
[BlackElo "2214"]
[Annotator "NA RC"]
[PlyCount "79"]
[EventDate "2021.02.19"]
[EventType "team-tourn"]
[EventCountry "NET"]
[SourceTitle "playchess.com"]
[Source "ChessBase"]
[SourceQuality "1"]

1. e4 c5 2. Nf3 d6 3. Bb5+ Bd7 4. Bxd7+ Qxd7 5. c4 Nc6 6. d4 cxd4 7. Nxd4 g6 8. O-O Bg7 9. Be3 Nf6 10. f3 O-O-O 11. Nc3 Kb8 12. Ncb5 a6 13. Nc3 Qc7 14. Rc1 Ne5 15. Nd5 Nxd5 16. cxd5 Qa5 17. b4 Qa3 18. Qe2 Rc8 19. b5 Rxc1 20. Rxc1 Rc8 21. Rb1 a5 22. Nc6+ Ka8 23. b6 Nxc6 24. dxc6 Rxc6 25. Qa6+ bxa6 26. b7+ Kb8 27. Ba7+ Kc7 28. b8=Q+ Kd7 29. Qb7+ Rc7 30. Qxa6 Rc1+ 31. Rxc1 Qxc1+ 32. Kf2 Qc2+ 33. Kg3 Be5+ 34. Kh3 Qxa2 35. Qb7+ Ke6 36. Qc8+ Kf6 37. Qh8+ Ke6 38. Qc8+ Kf6 39. Qh8+ Ke6 40. Qc8+ 1/2-1/2

[Event "1st FIDE OWCCCC Pools-East 2021"]
[Site "Online"]
[Date "2021.02.20"]
[Round "5.22"]
[White "White, John S."]
[Black "Pandey Shourya"]
[Result "0-1"]
[WhiteElo "2235"]
[BlackElo "1585"]
[Annotator "TA"]
[PlyCount "104"]
[EventDate "2021.02.19"]
[EventType "team-tourn"]
[EventCountry "NET"]
[SourceTitle "playchess.com"]
[Source "ChessBase"]
[SourceQuality "1"]

1. e4 e5 2. Nf3 Nf6 3. Nxe5 Nc6 4. Nxf7 Kxf7 5. Bc4+ d5 6. exd5 Ne5 7. Bb3 Bd6 8. O-O Rf8 9. d4 Neg4 10. h3 Nh6 11. c4 b6 12. Be3 Nf5 13. Nc3 Kg8 14. g4 Nxe3 15. fxe3 Qe7 16. Qd3 Kh8 17. Bc2 g6 18. e4 Bxg4 19. e5 Bf5 20. exd6 Qxd6 21. Rxf5 gxf5 22. Qxf5 Qg3+ 23. Kh1 Rae8 24. Rg1 Re1 25. Ne2 Rxg1+ 26. Nxg1 Qg6 27. Qf2 Qg7 28. Ne2 Rg8 29. Bf5 Qg5 30. Be6 Rf8 31. Qg2 Qxg2+ 32. Kxg2 Ne4 33. Bg4 Rf2+ 34. Kg1 Rf8 35. Kg2 Nd2 36. b3 Ne4 37. Ng3 Nxg3 38. Kxg3 Re8 39. Kf4 Re1 40. c5 Kg7 41. d6 cxd6 42. cxb6 axb6 43. Be6 Kf6 44. Bc4 h6 45. a4 Rh1 46. Kg4 Rd1 47. d5 Kg6 48. b4 Rd4+ 49. Kf3 Rxc4 50. a5 Rxb4 51. a6 Rb3+ 52. Ke4 Ra3 0-1

[Event "1st FIDE OWCCCC Pools-East 2021"]
[Site "Online"]
[Date "2021.02.20"]
[Round "5.22"]
[White "Maes, Tibo"]
[Black "Shlauzer, Andrey"]
[Result "0-1"]
[WhiteElo "1904"]
[BlackElo "2122"]
[Annotator "NA"]
[PlyCount "70"]
[EventDate "2021.02.19"]
[EventType "team-tourn"]
[EventCountry "NET"]
[SourceTitle "playchess.com"]
[Source "ChessBase"]
[SourceQuality "1"]

1. Nf3 d5 2. g3 Nf6 3. Bg2 c6 4. d3 g6 5. O-O Bg7 6. c3 O-O 7. Re1 Re8 8. Nbd2 Qb6 9. e4 dxe4 10. dxe4 Bg4 11. h3 Bxf3 12. Nxf3 Rd8 13. Qe2 Qa6 14. c4 Ne8 15. e5 Nc7 16. b3 Ne6 17. Bg5 Kf8 18. Rad1 Nd7 19. h4 Qa5 20. b4 Qxb4 21. Rb1 Qa5 22. Rxb7 h6 23. Bd2 Qxa2 24. Rbb1 Ndc5 25. Ra1 Qc2 26. Rec1 Qd3 27. Qe3 Qxe3 28. Bxe3 Nb3 29. c5 Nxc1 30. Rxc1 a5 31. Bf4 a4 32. Ne1 Ra6 33. Nc2 Rb8 34. Ne3 a3 35. Ng4 a2 0-1

[Event "1st FIDE OWCCCC Pools-East 2021"]
[Site "Online"]
[Date "2021.02.20"]
[Round "5.22"]
[White "Hirschberg, Markus"]
[Black "Schlecht, Daniel"]
[Result "0-1"]
[WhiteElo "1837"]
[BlackElo "2377"]
[Annotator "TA"]
[PlyCount "102"]
[EventDate "2021.02.19"]
[EventType "team-tourn"]
[EventCountry "NET"]
[SourceTitle "playchess.com"]
[Source "ChessBase"]
[SourceQuality "1"]

1. e4 c6 2. d4 d5 3. exd5 cxd5 4. c4 Nf6 5. Nc3 Nc6 6. Bf4 Be6 7. c5 g6 8. Nf3 Bg7 9. Ne5 O-O 10. Be2 Ne4 11. Nxc6 bxc6 12. O-O a5 13. Qa4 Qd7 14. Rad1 Bf5 15. Nxe4 Bxe4 16. f3 Bf5 17. Rfe1 Rfe8 18. g4 Be6 19. h3 Qb7 20. Qc2 f6 21. Ba6 Qd7 22. Bd3 Bf7 23. Qh2 Qa7 24. Bc7 Rac8 25. Bb6 Qa8 26. f4 a4 27. Re2 e6 28. h4 f5 29. g5 Bxd4+ 30. Kh1 Bg7 31. Rde1 Qb8 32. Re3 Re7 33. h5 Rce8 34. h6 Bh8 35. Kg2 e5 36. Kf1 e4 37. Bc2 d4 38. Ra3 d3 39. Bxa4 Bd5 40. Bb3 Bxb3 41. Rxb3 Rd7 42. Ba5 Qa7 43. Qd2 Qxc5 44. Bb6 Qd5 45. Ra3 c5 46. Ra5 Bd4 47. b4 Qc4 48. Bxc5 e3 49. a4 Bxc5 50. Rxc5 Qxc5 51. bxc5 exd2 0-1

[Event "1st FIDE OWCCCC Pools-East 2021"]
[Site "Online"]
[Date "2021.02.20"]
[Round "5.22"]
[White "Fomenko, Victor"]
[Black "Kapustin, Artem"]
[Result "1-0"]
[WhiteElo "1724"]
[BlackElo "1896"]
[Annotator "NA"]
[PlyCount "109"]
[EventDate "2021.02.19"]
[EventType "team-tourn"]
[EventCountry "NET"]
[SourceTitle "playchess.com"]
[Source "ChessBase"]
[SourceQuality "1"]

1. c4 e5 2. b3 Nc6 3. Bb2 Nf6 4. g3 b6 5. Bg2 Bd6 6. Nf3 Qe7 7. O-O Bb7 8. Nc3 e4 9. Ng5 h6 10. Ngxe4 Nxe4 11. Nxe4 O-O 12. Nxd6 Qxd6 13. d4 Rae8 14. e4 a5 15. Qd2 Qb4 16. Bc3 Qa3 17. f4 Ba6 18. d5 Ne7 19. Kh1 Ng6 20. Rae1 Qc5 21. e5 c6 22. f5 Nh8 23. f6 g5 24. h4 Kh7 25. Be4+ Ng6 26. h5 cxd5 27. hxg6+ fxg6 28. Bxd5 b5 29. Bxa5 bxc4 30. Bb4 c3 31. Bxc5 cxd2 32. Bxf8 dxe1=Q 33. Rxe1 Rxf8 34. a4 Bd3 35. b4 Rc8 36. b5 Rb8 37. Rc1 Bxb5 38. axb5 Rxb5 39. Rd1 Ra5 40. Kg2 h5 41. Kf3 Ra3+ 42. Kf2 Ra5 43. Rd2 h4 44. Kg2 Ra3 45. g4 Ra5 46. Bb3 Rxe5 47. Rxd7+ Kh6 48. Re7 h3+ 49. Kxh3 Re1 50. Rxe1 Kh7 51. Rf1 Kh6 52. f7 Kh7 53. Rf2 Kg7 54. f8=Q+ Kh7 55. Rf7# 1-0

[Event "1st FIDE OWCCCC Pools-East 2021"]
[Site "Online"]
[Date "2021.02.20"]
[Round "5.23"]
[White "Kavikondala, Nagendra Gopal"]
[Black "Ramakrishnan, Venkat"]
[Result "1-0"]
[WhiteElo "2256"]
[BlackElo "2062"]
[Annotator "TA"]
[PlyCount "89"]
[EventDate "2021.02.19"]
[EventType "team-tourn"]
[EventCountry "NET"]
[SourceTitle "playchess.com"]
[Source "ChessBase"]
[SourceQuality "1"]

1. d4 d5 2. Nf3 Nf6 3. Bf4 e6 4. e3 Bd6 5. Bg3 c5 6. c3 Nc6 7. Nbd2 O-O 8. Bh4 e5 9. dxc5 Bxc5 10. Be2 Bf5 11. O-O Be7 12. Bg3 Bd6 13. Qb3 Qc7 14. Rac1 Na5 15. Qa4 a6 16. c4 dxc4 17. Nxc4 Nxc4 18. Rxc4 Qe7 19. Rcc1 Rac8 20. Bh4 h6 21. e4 Bd7 22. Bxf6 gxf6 23. Qb3 Bc6 24. Qe3 Kh7 25. Nh4 Bd7 26. Qf3 Rg8 27. Nf5 Rxc1 28. Nxe7 Rxf1+ 29. Bxf1 Bxe7 30. Qb3 Be6 31. Qxb7 Bc5 32. Qxa6 Rg6 33. a3 f5 34. Qb5 Bd4 35. Bd3 f4 36. Kf1 Bg4 37. f3 Be6 38. b4 Rg8 39. Bc4 Re8 40. Qxe8 Bxc4+ 41. Ke1 Kg7 42. b5 Bc3+ 43. Kd1 Bb3+ 44. Kc1 Bd4 45. g3 1-0

[Event "1st FIDE OWCCCC Pools-East 2021"]
[Site "Online"]
[Date "2021.02.20"]
[Round "5.23"]
[White "Mayo Casademont, Marti"]
[Black "Nastasie, Alfred"]
[Result "1-0"]
[WhiteElo "2247"]
[BlackElo "1770"]
[Annotator "TA"]
[PlyCount "71"]
[EventDate "2021.02.19"]
[EventType "team-tourn"]
[EventCountry "NET"]
[SourceTitle "playchess.com"]
[Source "ChessBase"]
[SourceQuality "1"]

1. Nf3 Nf6 2. c4 g6 3. d4 Bg7 4. e3 d6 5. Be2 O-O 6. Nc3 Nbd7 7. O-O e5 8. Qc2 Re8 9. Rd1 exd4 10. exd4 Nf8 11. h3 Bf5 12. Qb3 Qc8 13. Bf4 Ne4 14. Bf1 Ne6 15. Be3 Nd8 16. Re1 Nc6 17. Rad1 b6 18. Qa3 Na5 19. b4 Nb7 20. Nh4 a5 21. b5 Nxc3 22. Qxc3 Nc5 23. Nxf5 Qxf5 24. Qc1 Ne4 25. Bd3 Qh5 26. Be2 Qf5 27. Bf3 Rad8 28. Bg4 Qf6 29. Bf4 g5 30. Be3 Qg6 31. Bf3 h6 32. Qc2 Nf6 33. Qxg6 fxg6 34. c5 dxc5 35. dxc5 Nd7 36. Bc6 1-0

[Event "1st FIDE OWCCCC Pools-East 2021"]
[Site "Online"]
[Date "2021.02.20"]
[Round "5.23"]
[White "Lakshmi, Praneetha K"]
[Black "Shishkin, Aleksey A."]
[Result "1-0"]
[WhiteElo "2039"]
[BlackElo "2155"]
[Annotator "NA"]
[PlyCount "53"]
[EventDate "2021.02.19"]
[EventType "team-tourn"]
[EventCountry "NET"]
[SourceTitle "playchess.com"]
[Source "ChessBase"]
[SourceQuality "1"]

1. e4 c6 2. d4 d5 3. exd5 cxd5 4. c4 Nf6 5. Nc3 dxc4 6. Bxc4 e6 7. Nf3 Be7 8. O-O O-O 9. Qe2 a6 10. a4 Nc6 11. Be3 h6 12. Rfd1 Qc7 13. Rac1 Rd8 14. d5 Ne5 15. Bb3 Nxf3+ 16. Qxf3 Qa5 17. Bxh6 gxh6 18. d6 Bf8 19. Qxf6 Bd7 20. Rd4 Qf5 21. Qh4 Qg5 22. Rg4 Qxg4 23. Qxg4+ Bg7 24. Ne4 Kh7 25. Qf4 Rf8 26. Nf6+ Bxf6 27. Qxf6 1-0

[Event "1st FIDE OWCCCC Pools-East 2021"]
[Site "Online"]
[Date "2021.02.20"]
[Round "5.23"]
[White "Ragozin, Andrei"]
[Black "Vallet, Vincent"]
[Result "1-0"]
[WhiteElo "2021"]
[BlackElo "1779"]
[Annotator "NA"]
[PlyCount "83"]
[EventDate "2021.02.19"]
[EventType "team-tourn"]
[EventCountry "NET"]
[SourceTitle "playchess.com"]
[Source "ChessBase"]
[SourceQuality "1"]

1. d4 d5 2. c4 c6 3. Nc3 Nf6 4. Nf3 a6 5. c5 b5 6. cxb6 Qxb6 7. e3 Bg4 8. Be2 Bxf3 9. Bxf3 e6 10. O-O Be7 11. Na4 Qa7 12. Bd2 O-O 13. Qc2 Nbd7 14. Rfc1 Rfc8 15. Ba5 c5 16. dxc5 Bxc5 17. Qd2 Bd6 18. h3 Ne5 19. Be2 Ne4 20. Qe1 Rxc1 21. Rxc1 h6 22. Nb6 Rb8 23. Nc8 Qd7 24. Nxd6 Nxd6 25. b3 Nb5 26. Qd2 Rc8 27. a4 Rxc1+ 28. Qxc1 Nd6 29. Qc3 Nc6 30. Bb6 Ne4 31. Qc1 Qb7 32. a5 Ne5 33. Qc2 Nd7 34. Qc7 Qxc7 35. Bxc7 Ndc5 36. b4 Nb3 37. Bxa6 Nc1 38. f3 Nc3 39. b5 N1e2+ 40. Kf2 Kf8 41. b6 Nc1 42. b7 1-0